Hoàng tử xấu xí Truyện cổ phật giáo
v.v...
Đã lưu trong:
| Tác giả chính: | |
|---|---|
| Định dạng: | Sách |
| Năm xuất bản: |
H.
Văn hoá thông tin
1999
|
| Chủ đề: | |
| Tags: |
Thêm thẻ
Không có thẻ, Hãy là người đầu tiên gắn thẻ bản ghi này!
|
| LEADER | 00868nam a2200181 4500 | ||
|---|---|---|---|
| 082 | |a 398.2 |b H407t. | ||
| 100 | |a Trần Lân Huy | ||
| 245 | |a Hoàng tử xấu xí |c Trần Lân Huy chủ biên, Chương Nghĩa Hàm, Lý Hướng Bình |b Truyện cổ phật giáo | ||
| 260 | |a H. |b Văn hoá thông tin |c 1999 | ||
| 300 | |a 380 tr. |c 19 cm. | ||
| 520 | |a v.v... | ||
| 653 | |a Văn học dân gian | ||
| 653 | |a Truyện cổ | ||
| 653 | |a Phật giáo | ||
| 942 | |2 ddc |c STK0 | ||
| 999 | |c 8272 |d 8272 | ||
| 952 | |0 0 |1 0 |2 ddc |4 0 |6 398_200000000000000_H407T |7 0 |8 300 |9 69597 |a qbu |b qbu |c D2 |d 2015-04-06 |g 76000 |o 398.2 H407t. |p 8218.c1 |r 0000-00-00 |w 2015-04-06 |y STK0 |0 0 |6 398_200000000000000_H407T | ||
| 952 | |0 0 |1 0 |2 ddc |4 0 |6 398_200000000000000_H407T |7 0 |8 300 |9 69598 |a qbu |b qbu |c D2 |d 2015-04-06 |g 76000 |l 2 |o 398.2 H407t. |p 8218.c2 |r 2018-05-10 |s 2018-04-27 |w 2015-04-06 |y STK0 |0 0 |6 398_200000000000000_H407T | ||